000 00170 a2200073 4500
245 0 _aIkonika /
_c.
710 2 _aNauka.
_eWydawca
_4pbl
260 _aMoskva :
_bNauka,
_c1968.
300 _a134 s.;
_c25 cm.
999 _c6591
_d6591